Central Library OPAC University of Rajshahi

The Pageant of America : (Record no. 28760)

MARC details
000 -LEADER
fixed length control field 00986nam a2200253 i 4500
001 - CONTROL NUMBER
control field 28760
003 - CONTROL NUMBER IDENTIFIER
rucl marc code BD-RjUL
005 - DATE AND TIME OF LATEST TRANSACTION
control field 20211209051326.0
008 - FIXED-LENGTH DATA ELEMENTS--GENERAL INFORMATION
fixed length control field 140331s1928 nyua 001 0 eng d
035 ## - SYSTEM CONTROL NUMBER
System control number (BD-RjUL)28842
040 ## - CATALOGING SOURCE
Original cataloging agency DLC
Transcribing agency DLC
Modifying agency DLC
-- BD-RjUL
Language of cataloging eng
041 ## - LANGUAGE CODE
Language code of text/sound track or separate title eng
082 00 - DEWEY DECIMAL CLASSIFICATION NUMBER
Classification number 973
Author mark and year PAG V-10 1928
245 04 - TITLE STATEMENT
Title The Pageant of America :
Remainder of title a pictorial history of the United States /
Statement of responsibility, etc. Ralph Henry Gabriel, editor ; John Chester Adams, Arthur Hobson Quinn, associate editors ; Charles M. Andrews ... [et al.]. advisory editors ; David M. Matteson, indexer.
Number of part/section of a work Volume X :
Name of part/section of a work american idealism / Luther A. Weigle.
250 ## - EDITION STATEMENT
Edition statement Independence ed.
260 ## - PUBLICATION, DISTRIBUTION, ETC. (IMPRINT)
Place of publication, distribution, etc. New York :
Name of publisher, distributor, etc. United States Publishers Association,
Date of publication, distribution, etc. 1928.
300 ## - PHYSICAL DESCRIPTION
Pagination 356 p. :
Illustrations ill. ;
Size 26 cm.
504 ## - BIBLIOGRAPHY, ETC. NOTE
Bibliography, etc Includes index.
651 #0 - SUBJECT ADDED ENTRY--GEOGRAPHIC NAME
Geographic name United States
General subdivision Civilization.
9 (RLIN) 87946
700 1# - ADDED ENTRY--PERSONAL NAME
Personal name Gabriel, Ralph Henry,
Dates associated with a name 1890-1987.
942 ## - ADDED ENTRY ELEMENTS (KOHA)
Source of classification or shelving scheme Dewey Decimal Classification
Koha item type Books
Holdings
Lost status Source of classification or shelving scheme Damaged status Not for loan Collection code Permanent Location Current Location Shelving location Date acquired Source of acquisition Total Checkouts Full call number Date last seen Copy number Koha item type
  Dewey Decimal Classification   Added to bundle Non-fiction Central Library, University of Rajshahi Central Library, University of Rajshahi Reading Room 25/02/1958 U.S.I.S, Dacca, Gift.   973 PAG V-10 1928 31/03/2014 C-1 Books